|
|
|
|
| LEADER |
00982nam a2200241 a 4500 |
| 001 |
1386492 |
| 008 |
100412s1981 ii b 000 0 eng d |
| 010 |
|
|
|a 81904354
|
| 040 |
|
|
|a DLC
|c DLC
|d DLC
|d BD-DhAAL
|
| 082 |
0 |
0 |
|a 320.8/09549/2
|2 19
|
| 100 |
1 |
|
|a Rahman, Atiur,
|d 1951-
|
| 245 |
1 |
0 |
|a Rural power structure :
|b a study of the local level leaders in Bangladesh /
|c Atiur Rahman.
|
| 250 |
|
|
|a 1st ed.
|
| 260 |
|
|
|a Dacca :
|b Papri Publishers :
|b distributed by Bangladesh Books International,
|c 1981.
|
| 300 |
|
|
|a viii, 63 p. ;
|c 23 cm.
|
| 504 |
|
|
|a Includes Bibliography (p. 59-63.)
|
| 541 |
1 |
|
|e 00001089
|
| 650 |
|
0 |
|a Local government
|z Bangladesh.
|
| 650 |
|
0 |
|a Politicians
|z Bangladesh.
|
| 650 |
|
0 |
|a Rural development
|z Bangladesh.
|
| 852 |
4 |
|
|a Ayesha Abed Library
|j General shelf
|
| 999 |
|
|
|c 8054
|d 8054
|
| 952 |
|
|
|0 0
|1 0
|2 ddc
|4 0
|6 320_809549200000000_RAH_1981
|7 0
|9 9165
|a BRACUL
|b BRACUL
|c GEN
|d 2010-04-12
|g 15.00
|l 1
|m 2
|o 320.8095492 RAH
|p 3010001089
|r 2014-08-21
|s 2014-08-03
|t 1
|w 2010-04-12
|y BK
|